Twenty years of the independent Slovakia from polish perspective
Sociálno - politické procesy na Slovensku po získaní nezávislosti. Analýza podobností medzi Slovenskom a štátmi SVE, znaky odlišujúce Slovensko na základe sociálno-politických zmien v regióne. Slovensko z poľskej perspektívy, autorov vlastný výskum, týkajúci sa imidžu Slovenska v hlavných poľských e...
Saved in:
| Main Author: | |
|---|---|
| Format: | Book Chapter |
| Language: | English |
| Subjects: | |
| Tags: |
No Tags, Be the first to tag this record!
|
MARC
| LEADER | 00000naa a2200000 4500 | ||
|---|---|---|---|
| 001 | 0185433 | ||
| 005 | 20231207093903.0 | ||
| 041 | 0 | |a eng | |
| 044 | |a SK | ||
| 245 | 1 | 0 | |a Twenty years of the independent Slovakia from polish perspective |c Radoslaw Zenderowski |
| 520 | |a Sociálno - politické procesy na Slovensku po získaní nezávislosti. Analýza podobností medzi Slovenskom a štátmi SVE, znaky odlišujúce Slovensko na základe sociálno-politických zmien v regióne. Slovensko z poľskej perspektívy, autorov vlastný výskum, týkajúci sa imidžu Slovenska v hlavných poľských elektronických médiách. | ||
| 610 | 2 | 0 | |a Slovensko |
| 610 | 2 | 0 | |a procesy sociálne |
| 610 | 2 | 0 | |a politika |
| 610 | 2 | 0 | |a nezávislosť |
| 610 | 2 | 0 | |a identita |
| 610 | 2 | 0 | |a Poľsko |
| 100 | 1 | |a Zenderowski, Radoslaw | |